[Event "English Online Blitz Gp1"]
[Site "chess.com INT"]
[Date "2020.05.09"]
[Round "1"]
[White "Lazarevic, Ljubica"]
[Black "Walton, Alan J"]
[Result "1-0"]
[BlackTitle "CM"]
[WhiteElo "1480"]
[BlackElo "2120"]
[WhiteFideId "418765"]
[BlackFideId "409898"]
[EventDate "2020.05.09"]
[EventType "blitz"]

1. e4 e6 2. Nf3 d5 3. exd5 exd5 4. d4 Nc6 5. Bd3 Bd6 6. c3 Nge7 7. O-O O-O 8.
Bg5 f6 9. Bh4 Bg4 10. h3 Bh5 11. g4 Bg6 12. Bxg6 Nxg6 13. Bg3 Nf4 14. Kh2 Ne7
15. Qd2 Neg6 16. Re1 c6 17. Re3 Qd7 18. Qc2 Rae8 19. Nbd2 Rxe3 20. fxe3 Ne2 21.
Bxd6 Qxd6+ 22. Kh1 Qg3 23. Ng1 Nxg1 24. Nf1 Nxh3 25. Nxg3 Nh4 26. Qh2 g5 27.
Qxh3 Re8 28. Nf5 Ng6 29. Re1 Kf7 30. Nh6+ Kg7 31. Nf5+ Kf7 32. Nd6+ Kg7 33.
Nxe8+ Kf7 34. Nd6+ Ke6 35. Nxb7 Nh4 36. Nc5+ Kd6 37. Rf1 1-0

[Event "English Online Blitz Gp1"]
[Site "chess.com INT"]
[Date "2020.05.09"]
[Round "1"]
[White "Reimanis, Ritvars"]
[Black "Ashworth, Robert"]
[Result "1-0"]
[WhiteTitle "FM"]
[WhiteElo "2421"]
[BlackElo "1577"]
[WhiteFideId "11602988"]
[BlackFideId "426563"]
[EventDate "2020.05.09"]
[EventType "blitz"]

1. d4 d5 2. c4 c6 3. Nf3 Nf6 4. e3 e6 5. Bd3 Nbd7 6. b3 Bd6 7. Bb2 O-O 8. Nbd2
Re8 9. Ne5 Qc7 10. f4 b6 11. Rc1 Bb7 12. O-O c5 13. cxd5 exd5 14. Qf3 Ne4 15.
Nxe4 dxe4 16. Bxe4 Bxe4 17. Qxe4 f6 18. Qd5+ Kh8 19. Nf7+ Kg8 20. Nh6+ Kh8 21.
Qg8+ Rxg8 22. Nf7# 1-0

[Event "English Online Blitz Gp1"]
[Site "chess.com INT"]
[Date "2020.05.09"]
[Round "1"]
[White "Miller, George"]
[Black "Willow, Jonah B"]
[Result "0-1"]
[BlackTitle "FM"]
[WhiteElo "1815"]
[BlackElo "2386"]
[WhiteFideId "343114090"]
[BlackFideId "438804"]
[EventDate "2020.05.09"]
[EventType "blitz"]

1. d4 Nf6 2. Nf3 e6 3. Nc3 d5 4. Bf4 Bd6 5. e3 O-O 6. Ne5 c6 7. Bd3 Qc7 8. O-O
Nbd7 9. Ne2 Nxe5 10. dxe5 Bxe5 11. Bxe5 Qxe5 12. c4 Qxb2 13. Nd4 e5 14. Nb3 Be6
15. c5 e4 16. Bc2 Qe5 17. f4 exf3 18. Qxf3 Bg4 19. Qf2 Bh5 20. h3 Bg6 21. Nd4
Bxc2 22. Nxc2 Rae8 23. Rae1 Ne4 24. Qf3 Nd2 0-1

[Event "English Online Blitz Gp1"]
[Site "chess.com INT"]
[Date "2020.05.09"]
[Round "1"]
[White "Varney, Zoe"]
[Black "Ghasi, Ameet K"]
[Result "0-1"]
[BlackTitle "IM"]
[WhiteElo "1917"]
[BlackElo "2485"]
[WhiteFideId "436135"]
[BlackFideId "409200"]
[EventDate "2020.05.09"]
[EventType "blitz"]

1. e4 c5 2. c3 Nf6 3. e5 Nd5 4. d4 cxd4 5. cxd4 Nc6 6. Nf3 d6 7. exd6 Qxd6 8.
Nc3 g6 9. Be2 Bg7 10. O-O O-O 11. Be3 Nxe3 12. fxe3 Bh6 13. Qd2 Bf5 14. a3 Rad8
15. Bd3 Bg4 16. Be2 Qe6 17. Nd1 Bxf3 18. Rxf3 Nxd4 19. Qc3 Nxe2+ 0-1

[Event "English Online Blitz Gp1"]
[Site "chess.com INT"]
[Date "2020.05.09"]
[Round "1"]
[White "Kalavannan, Koby"]
[Black "Barker, Arron"]
[Result "1-0"]
[WhiteTitle "FM"]
[WhiteElo "2324"]
[BlackElo "1847"]
[WhiteFideId "425753"]
[BlackFideId "449490"]
[EventDate "2020.05.09"]
[EventType "blitz"]

1. d4 e6 2. c4 d5 3. g3 Nf6 4. Bg2 Bb4+ 5. Nd2 O-O 6. Qc2 Re8 7. Nf3 c6 8. O-O
Nbd7 9. Rd1 Qc7 10. e4 dxe4 11. Nxe4 Nxe4 12. Qxe4 Nf6 13. Qe2 b6 14. Bf4 Bd6
15. Bxd6 Qxd6 16. c5 Qc7 17. Rac1 Nd5 18. Ne5 Bb7 19. Be4 f6 20. Nc4 Ba6 21. Qh5
f5 22. Bd3 Nf6 23. Qf3 Bxc4 24. Bxc4 b5 25. Bb3 Rad8 26. Qxf5 Nd5 27. Qe4 Re7
28. Re1 Qd7 29. Rcd1 a5 30. Qe2 Rde8 31. a3 a4 32. Bc2 g6 33. Qe5 Qc7 34. Qg5 e5
35. Be4 Nf6 36. Qxf6 Rf7 37. Qxc6 exd4 38. Qxc7 Rxc7 39. Bd5+ Kg7 40. Rxe8 1-0

[Event "English Online Blitz Gp1"]
[Site "chess.com INT"]
[Date "2020.05.09"]
[Round "1"]
[White "Yapp, Christopher"]
[Black "Stepanyan, Henrik"]
[Result "0-1"]
[WhiteElo "1494"]
[BlackElo "2196"]
[WhiteFideId "450405"]
[BlackFideId "401030"]
[EventDate "2020.05.09"]
[EventType "blitz"]

1. f4 e5 2. e4 d5 3. exd5 exf4 4. Nf3 Nf6 5. Nc3 Nxd5 6. d4 Bb4 7. Bd2 Bxc3 8.
bxc3 O-O 9. Be2 Nc6 10. O-O Bf5 11. Rb1 b6 12. c4 Ne3 13. Bxe3 fxe3 14. Bd3 Bg6
15. c3 Qe7 16. Qe2 Rae8 17. Rbe1 Kh8 18. Kh1 Bxd3 19. Qxd3 f5 20. Re2 f4 21.
Rfe1 Rg8 22. Qf5 g5 23. h4 g4 24. Ng5 h6 25. Nf7+ Kg7 26. Ne5 Qxh4+ 27. Kg1 Nxe5
28. dxe5 Rgf8 29. Qd7+ Qe7 30. Qxg4+ Qg5 31. Qd7+ Re7 32. Qd3 f3 0-1

[Event "English Online Blitz Gp1"]
[Site "chess.com INT"]
[Date "2020.05.09"]
[Round "1"]
[White "Okhai, Shabir"]
[Black "Kilambi, Venkata Ananth Akshay"]
[Result "1-0"]
[WhiteElo "2099"]
[BlackElo "1063"]
[WhiteFideId "445134"]
[BlackFideId "489395"]
[EventDate "2020.05.09"]
[EventType "blitz"]

1. e4 e6 2. d4 d5 3. exd5 exd5 4. Nf3 Nc6 5. Bd3 Nf6 6. O-O Bd6 7. h3 O-O 8. Nc3
Re8 9. Bg5 h6 10. Bxf6 Qxf6 11. Nxd5 Qd8 12. Ne3 Be6 13. d5 Nb4 14. dxe6 Nxd3
15. exf7+ Kxf7 16. Qxd3 Re6 17. Rad1 Qd7 18. Qf5+ Ke7 19. Nd4 Rf6 20. Qxd7+ Kxd7
21. Ndf5 Raf8 22. Nxd6 Rxd6 23. Rxd6+ Kxd6 24. f4 Re8 25. Kf2 Kc5 26. Rd1 Rf8
27. Kf3 g5 28. f5 Re8 29. Rd3 Kc6 30. Kg4 Rh8 31. f6 Rf8 32. Kf5 Kc5 33. Kg6 Kb4
34. Kg7 Re8 35. f7 Rd8 36. Rxd8 Kc5 37. f8=Q+ Kc6 38. Qf6+ Kb5 39. Rd5+ c5 40.
Qd6 Kb4 41. Qxc5+ Ka4 42. Qb5# 1-0

[Event "English Online Blitz Gp1"]
[Site "chess.com INT"]
[Date "2020.05.09"]
[Round "1"]
[White "Harvey, Marcus R"]
[Black "Waterfield, Mark"]
[Result "1-0"]
[WhiteTitle "FM"]
[WhiteElo "2440"]
[BlackElo "1641"]
[WhiteFideId "400092"]
[BlackFideId "464910"]
[EventDate "2020.05.09"]
[EventType "blitz"]

1. Nf3 f5 2. b3 Nf6 3. g3 e6 4. Bg2 Be7 5. O-O O-O 6. Bb2 d6 7. d4 Nbd7 8. c4
Ne4 9. Nfd2 Ndf6 10. f3 Nxd2 11. Nxd2 Qe8 12. e4 fxe4 13. Nxe4 Nd7 14. f4 Bf6
15. Nxf6+ Nxf6 16. Qe2 Qh5 17. Qxh5 Nxh5 18. d5 exd5 19. Bxd5+ Kh8 20. Rfe1 Nf6
21. Bxf6 gxf6 22. Re7 c6 23. Be4 f5 24. Bf3 b5 25. Bxc6 Rb8 26. cxb5 a6 27. a4
Rd8 28. Rae1 axb5 29. axb5 d5 30. Re8+ Rxe8 31. Rxe8+ Kg7 32. Bd7 Ra8 33. Rxc8
Ra1+ 34. Kg2 Rd1 35. Bxf5 d4 36. b6 d3 37. b7 d2 38. Rd8 Ra1 39. b8=Q d1=Q 40.
Qe5+ Kh6 41. Qf6+ Kh5 42. Qg5# 1-0

[Event "English Online Blitz Gp1"]
[Site "chess.com INT"]
[Date "2020.05.09"]
[Round "1"]
[White "Payne, Matthew J"]
[Black "Neale, George"]
[Result "1-0"]
[WhiteElo "2150"]
[BlackElo "1734"]
[WhiteFideId "417084"]
[BlackFideId "443174"]
[EventDate "2020.05.09"]
[EventType "blitz"]

1. e4 e5 2. Nf3 Nf6 3. Nxe5 d6 4. Nf3 Nxe4 5. Nc3 Nxc3 6. dxc3 d5 7. c4 c6 8.
cxd5 Qxd5 9. Qxd5 cxd5 10. Be3 Nc6 11. O-O-O Be6 12. Ng5 Be7 13. Nxe6 fxe6 14.
c4 O-O-O 15. Be2 d4 16. Bf4 e5 17. Bg3 Bg5+ 18. Kb1 h5 19. h4 Bf6 20. Bd3 g5 21.
hxg5 Bxg5 22. Bh4 Rdg8 23. g3 Bxh4 24. Rxh4 Rf8 25. Rh2 Rh6 26. Rdh1 Rhf6 27.
Rxh5 Rxf2 28. a3 R2f3 29. Be4 Rxg3 30. Bxc6 bxc6 31. Rxe5 d3 32. Ra5 Kb7 33.
Rh7+ Kb6 34. Rhxa7 d2 35. c5# 1-0

[Event "English Online Blitz Gp1"]
[Site "chess.com INT"]
[Date "2020.05.09"]
[Round "1"]
[White "Bedi, Adam"]
[Black "Purton, Ben J"]
[Result "0-1"]
[WhiteElo "1803"]
[BlackElo "2154"]
[WhiteFideId "432997"]
[BlackFideId "411132"]
[EventDate "2020.05.09"]
[EventType "blitz"]

1. e4 d6 2. d4 Nf6 3. Nc3 c6 4. Nf3 Bg4 5. Be3 e6 6. h3 Bxf3 7. gxf3 d5 8. e5
Nfd7 9. f4 c5 10. Qg4 g6 11. h4 h5 12. Qe2 Nc6 13. O-O-O cxd4 14. Bxd4 Nxd4 15.
Rxd4 Bc5 16. Rd1 Rc8 17. f3 a6 18. Qd3 Qe7 19. Ne2 b5 20. Nd4 Bxd4 21. Qxd4 Qc5
22. Qxc5 Rxc5 23. a4 Ke7 24. axb5 axb5 25. c3 b4 26. Rd3 Rhc8 27. Kd2 Nb6 28.
cxb4 Rc2+ 29. Ke3 Nc4+ 30. Kd4 Nxb2 31. Rb3 Nc4 32. Bxc4 dxc4 33. Rc3 Rd8+ 34.
Kxc4 Rc8+ 35. Kd4 R2xc3 0-1

[Event "English Online Blitz Gp1"]
[Site "chess.com INT"]
[Date "2020.05.09"]
[Round "1"]
[White "Sygnowski, Tomasz"]
[Black "Siddharth, Gopakumar"]
[Result "1-0"]
[WhiteElo "2143"]
[BlackElo "1854"]
[WhiteFideId "1115880"]
[BlackFideId "5053463"]
[EventDate "2020.05.09"]
[EventType "blitz"]

1. e4 c5 2. Nf3 Nc6 3. d4 cxd4 4. Nxd4 Nf6 5. Nc3 e5 6. Nxc6 bxc6 7. Bc4 Bc5 8.
O-O h6 9. Qd3 O-O 10. Na4 Be7 11. Rd1 Qc7 12. Bb3 a5 13. c4 Rd8 14. Be3 Rb8 15.
h3 Ba6 16. Qc2 Qb7 17. Nc5 Bxc5 18. Bxc5 d5 19. cxd5 cxd5 20. exd5 Nxd5 21. Qe4
Nf4 22. Qxb7 Bxb7 23. f3 Bd5 24. Bxd5 Rxd5 25. Rxd5 Nxd5 26. b3 Rc8 27. Bd6 f6
28. Rd1 Nf4 29. Rd2 Kf7 30. a3 Ke6 31. b4 axb4 32. Bxb4 Nd5 33. Rb2 Rb8 34. Kf2
Nxb4 35. axb4 Kd5 36. Ke3 f5 37. Kd3 e4+ 38. fxe4+ fxe4+ 39. Ke3 Rb5 40. Rd2+
Ke6 41. Rd4 Rg5 42. g4 h5 43. Rxe4+ Kd5 44. Kf4 hxg4 45. Kxg5 Kxe4 46. Kxg4 Kd5
47. Kg5 Kc4 48. Kg6 Kxb4 49. Kxg7 Kc5 50. h4 Kd6 51. h5 Ke5 52. h6 1-0

[Event "English Online Blitz Gp1"]
[Site "chess.com INT"]
[Date "2020.05.09"]
[Round "1"]
[White "Boyd, John"]
[Black "Harvey, Derek"]
[Result "1-0"]
[WhiteElo "2212"]
[BlackElo "1551"]
[WhiteFideId "405132"]
[BlackFideId "467693"]
[EventDate "2020.05.09"]
[EventType "blitz"]

1. e4 e5 2. Nf3 Nc6 3. Bb5 Bc5 4. c3 Nge7 5. O-O O-O 6. d4 exd4 7. cxd4 Bb6 8.
Nc3 d6 9. Bg5 Bg4 10. Bxc6 bxc6 11. d5 f6 12. Bf4 Ng6 13. Bg3 Ne5 14. dxc6 Kh8
15. Nd5 Bxf3 16. gxf3 f5 17. f4 Ng6 18. Qh5 Qe8 19. exf5 Nxf4 20. Nxf4 Qxh5 21.
Nxh5 Rxf5 22. Nf4 Rg5 23. Rad1 h5 24. Rd5 Rxd5 25. Nxd5 Re8 26. Kg2 Re5 27. Rd1
Rg5 28. h4 Rg4 29. Nxb6 axb6 30. Rd5 g6 31. b3 Re4 32. Rd2 Re1 33. Kf3 Rc1 34.
Re2 Rxc6 35. Re7 Kg8 36. Bf4 Rc3+ 37. Ke4 d5+ 38. Kd4 Rd3+ 39. Kxd3 c5 40. Rc7
c4+ 41. bxc4 dxc4+ 42. Kxc4 b5+ 43. Kxb5 g5 44. Bxg5 1-0

[Event "English Online Blitz Gp1"]
[Site "chess.com INT"]
[Date "2020.05.09"]
[Round "2"]
[White "Stepanyan, Henrik"]
[Black "Hosdurga, Chirag"]
[Result "1-0"]
[WhiteElo "2196"]
[BlackElo "1838"]
[WhiteFideId "401030"]
[BlackFideId "438189"]
[EventDate "2020.05.09"]
[EventType "blitz"]

1. d4 Nf6 2. c4 g6 3. Nc3 Bg7 4. e4 d6 5. Nf3 O-O 6. h3 Na6 7. Be3 e5 8. d5 Nh5
9. Be2 Nf4 10. O-O Nc5 11. b4 Nd7 12. Rc1 f5 13. Bxf4 fxe4 14. Bg5 exf3 15. Bxd8
fxe2 16. Qxe2 Rxd8 17. Nb5 a5 18. Nxc7 Rb8 19. a3 1-0

[Event "English Online Blitz Gp1"]
[Site "chess.com INT"]
[Date "2020.05.09"]
[Round "2"]
[White "Dunn, Maxim"]
[Black "Llewellyn, Alan M"]
[Result "1-0"]
[WhiteElo "1729"]
[BlackElo "1460"]
[WhiteFideId "456551"]
[BlackFideId "422479"]
[EventDate "2020.05.09"]
[EventType "blitz"]

1. c4 e5 2. g3 Nf6 3. Bg2 Nc6 4. Nc3 Bb4 5. Nd5 Nxd5 6. cxd5 Ne7 7. Nf3 c6 8.
Nxe5 Nxd5 9. O-O d6 10. Bxd5 dxe5 11. Bg2 O-O 12. a3 Bc5 13. b4 Bb6 14. Bb2 Bd4
15. Bxd4 exd4 16. e3 dxe3 17. dxe3 Be6 18. Qc2 Qf6 19. Rac1 Rad8 20. Rfd1 Rxd1+
21. Rxd1 Rd8 22. h4 h6 23. Rd2 Bf5 24. Qd1 Bg4 25. Rxd8+ Kh7 26. Qd3+ Bf5 27.
Be4 Bxe4 28. Qxe4+ g6 29. Qd4 Qf3 30. Qh8# 1-0

[Event "English Online Blitz Gp1"]
[Site "chess.com INT"]
[Date "2020.05.09"]
[Round "2"]
[White "Robson, Adrian"]
[Black "Williams, Simon K"]
[Result "0-1"]
[BlackTitle "GM"]
[WhiteElo "1484"]
[BlackElo "2464"]
[WhiteFideId "1544659"]
[BlackFideId "404454"]
[EventDate "2020.05.09"]
[EventType "blitz"]

1. e4 e6 2. d4 d5 3. Nd2 Nf6 4. e5 Nfd7 5. Bd3 c5 6. c3 Nc6 7. Ne2 cxd4 8. cxd4
f6 9. exf6 Nxf6 10. O-O Bd6 11. f4 O-O 12. Nf3 Bd7 13. a3 Be8 14. h3 Ne4 15.
Bxe4 dxe4 16. Ng5 Qd7 17. Nxe4 Bg6 18. Nxd6 Qxd6 19. Be3 Ne7 20. Nc3 Rad8 21.
Qb3 Nd5 22. Nxd5 exd5 23. Rac1 Be4 24. Qxb7 Rb8 25. Qc6 Qxc6 26. Rxc6 Rxb2 27.
Rf2 Rb3 28. Ra6 Rxe3 29. Rxa7 g5 30. fxg5 Re1+ 31. Kh2 Rxf2 0-1

[Event "English Online Blitz Gp1"]
[Site "chess.com INT"]
[Date "2020.05.09"]
[Round "2"]
[White "Hebden, Mark L"]
[Black "Waterfield, Mark"]
[Result "1-0"]
[WhiteTitle "GM"]
[WhiteElo "2453"]
[BlackElo "1641"]
[WhiteFideId "400084"]
[BlackFideId "464910"]
[EventDate "2020.05.09"]
[EventType "blitz"]

1. d4 d5 2. Nf3 g6 3. c4 c6 4. Bf4 Nf6 5. e3 Bg7 6. Nc3 O-O 7. h3 Nbd7 8. cxd5
cxd5 9. Be2 a6 10. O-O b5 11. Qb3 Nb6 12. a4 bxa4 13. Nxa4 Nxa4 14. Rxa4 Ne4 15.
Rfa1 e6 16. Bd3 h6 17. Ne5 g5 18. Bh2 Qf6 19. f3 Nd6 20. Qa3 Nf5 21. Re1 Re8 22.
Bxa6 Bxa6 23. Rxa6 Rxa6 24. Qxa6 Bf8 25. Qb5 Bd6 26. Qxe8+ 1-0

[Event "English Online Blitz Gp1"]
[Site "chess.com INT"]
[Date "2020.05.09"]
[Round "2"]
[White "Kilambi, Venkata Ananth Akshay"]
[Black "Stewart, Hari"]
[Result "0-1"]
[WhiteElo "1063"]
[BlackElo "1439"]
[WhiteFideId "489395"]
[BlackFideId "448583"]
[EventDate "2020.05.09"]
[EventType "blitz"]

1. e4 c5 2. d4 cxd4 3. Qxd4 Nc6 4. Qd1 Nf6 5. Nc3 g6 6. Nf3 Bg7 7. Bg5 O-O 8.
Bxf6 Bxf6 9. Bc4 Ne5 10. Nxe5 Bxe5 11. O-O a6 12. Qf3 b5 13. Be2 Bb7 14. Qh3
Bxc3 15. bxc3 Bxe4 16. Bd3 Bxd3 17. cxd3 d5 18. Rfe1 Re8 19. Qf3 Rc8 20. Rac1 d4
21. cxd4 Rxc1 22. Rxc1 Qxd4 23. Qc6 Rd8 24. Qc7 Qxd3 25. Rf1 Qd6 26. Qxd6 Rxd6
27. Rc1 Rd2 28. h3 Rxa2 29. Rc8+ Kg7 30. Rc7 e6 31. Rc6 a5 32. Rc5 b4 33. Rc1 b3
34. Kf1 a4 35. Ke1 b2 36. Rb1 Ra1 37. Rxa1 bxa1=Q+ 38. Ke2 Qb2+ 39. Kf3 a3 40.
Kg3 a2 41. Kh2 Qxf2 42. Kh1 Qg3 43. Kg1 a1=R# 0-1

[Event "English Online Blitz Gp1"]
[Site "chess.com INT"]
[Date "2020.05.09"]
[Round "2"]
[White "Bayat, Shohreh"]
[Black "Wadsworth, Matthew J"]
[Result "0-1"]
[WhiteTitle "WFM"]
[BlackTitle "IM"]
[WhiteElo "2091"]
[BlackElo "2416"]
[WhiteFideId "12501018"]
[BlackFideId "415804"]
[EventDate "2020.05.09"]
[EventType "blitz"]

1. e4 c5 2. Nf3 e6 3. c3 d5 4. e5 Nc6 5. d4 Qb6 6. Be2 Nh6 7. O-O cxd4 8. cxd4
Nf5 9. Nc3 Nfxd4 10. Nxd4 Qxd4 11. Nb5 Qxd1 12. Rxd1 Kd8 13. f4 Bc5+ 14. Kh1 a6
15. Nc3 Ke7 16. Bf3 g6 17. Bxd5 exd5 18. Nxd5+ Kf8 19. Nc7 Rb8 20. b3 Bd4 21.
Rb1 Bf5 22. Ba3+ Kg7 23. Rbc1 Rbc8 24. Nd5 Rhd8 25. Nf6 Be3 26. Rxd8 Rxd8 27.
Rf1 Bxf4 28. g4 Bxe5 29. gxf5 Bxf6 30. fxg6 hxg6 31. Bc1 Nb4 32. a3 Nd3 33. Be3
Re8 34. Bg1 Re1 35. Kg2 Rxf1 36. Kxf1 Be7 37. Ke2 Bc5 38. Kxd3 Bxg1 39. h3 f5
40. a4 Kh6 41. Kc4 Kg5 42. Kd5 b6 43. Kc6 a5 44. Kb5 Kh4 45. b4 axb4 46. Kxb4 f4
47. a5 bxa5+ 48. Kxa5 Kxh3 0-1

[Event "English Online Blitz Gp1"]
[Site "chess.com INT"]
[Date "2020.05.09"]
[Round "2"]
[White "Hunt, Adam C"]
[Black "Rizvi, Nasir"]
[Result "1-0"]
[WhiteTitle "IM"]
[WhiteElo "2398"]
[BlackElo "1989"]
[WhiteFideId "403970"]
[BlackFideId "1800540"]
[EventDate "2020.05.09"]
[EventType "blitz"]

1. e4 c5 2. Nf3 d6 3. d4 cxd4 4. Nxd4 Nf6 5. Nc3 g6 6. Be3 Bg7 7. f3 O-O 8. Qd2
Nc6 9. Bc4 Bd7 10. O-O-O Rc8 11. Bb3 Nxd4 12. Bxd4 b5 13. Kb1 a5 14. a4 bxa4 15.
Nxa4 Bxa4 16. Bxa4 Rc4 17. Bb3 Nxe4 18. Qe3 Rxd4 19. Rxd4 Bxd4 20. Qxd4 Nc5 21.
Ba2 Qb6 22. h4 Rb8 23. h5 Na4 24. Bxf7+ Kxf7 25. hxg6+ hxg6 26. Rh7+ Ke8 27.
Qxa4+ Qb5 28. Rh8+ Kd7 29. Qg4+ Kc7 30. Rxb8 Kxb8 31. b3 Qf5 32. Qxf5 gxf5 33.
g4 fxg4 34. fxg4 Kc7 35. c3 e5 36. b4 axb4 37. cxb4 d5 38. g5 Kd7 39. b5 e4 40.
g6 e3 41. Kc2 d4 42. g7 e2 43. Kd2 1-0

[Event "English Online Blitz Gp1"]
[Site "chess.com INT"]
[Date "2020.05.09"]
[Round "2"]
[White "Ghasi, Ameet K"]
[Black "Golding, James"]
[Result "1-0"]
[WhiteTitle "IM"]
[WhiteElo "2485"]
[BlackElo "2067"]
[WhiteFideId "409200"]
[BlackFideId "427250"]
[EventDate "2020.05.09"]
[EventType "blitz"]

1. c4 e6 2. Nc3 d5 3. e3 Nf6 4. Nf3 c5 5. cxd5 exd5 6. d4 Nc6 7. Bd3 Be7 8. O-O
O-O 9. Ne5 Qc7 10. Nxc6 bxc6 11. h3 Be6 12. b3 Rac8 13. dxc5 Bxc5 14. Bb2 Be7
15. Rc1 c5 16. Qf3 Qb7 17. Ne2 c4 18. Bxc4 Ne4 19. Bd3 Bf6 20. Bxf6 Nxf6 21. Nd4
Qb4 22. Rcd1 Qa3 23. Bf5 Bxf5 24. Nxf5 g6 25. Nd4 Qe7 26. Rc1 Ne4 27. Qf4 Qb7
28. f3 Nc5 29. Qf6 Nd3 30. Rcd1 Nb4 31. h4 Nxa2 32. h5 1-0

[Event "English Online Blitz Gp1"]
[Site "chess.com INT"]
[Date "2020.05.09"]
[Round "2"]
[White "Greet, Andrew N"]
[Black "Boyd, John"]
[Result "1-0"]
[WhiteTitle "IM"]
[WhiteElo "2417"]
[BlackElo "2212"]
[WhiteFideId "405817"]
[BlackFideId "405132"]
[EventDate "2020.05.09"]
[EventType "blitz"]

1. e4 d5 2. exd5 Nf6 3. Nf3 Bg4 4. h3 Bh5 5. Bb5+ Nbd7 6. Nc3 a6 7. Be2 Nb6 8.
d4 Nbxd5 9. Nxd5 Qxd5 10. c4 Qe4 11. Be3 O-O-O 12. Qb3 h6 13. O-O g5 14. Bd3 Qe6
15. d5 Qd6 16. Nd4 e6 17. dxe6 fxe6 18. c5 Qd5 19. Bc4 Qe4 20. Bxe6+ Kb8 21. c6
b6 22. Qa4 a5 23. Qb5 Ka7 24. Bc4 Qxc6 25. Nxc6+ Kb7 26. Nxa5+ Kc8 27. Be6+ Nd7
28. Qa6+ Kb8 29. Nc6# 1-0

[Event "English Online Blitz Gp1"]
[Site "chess.com INT"]
[Date "2020.05.09"]
[Round "2"]
[White "Zakarian, David"]
[Black "Brown, Tom"]
[Result "1-0"]
[WhiteTitle "FM"]
[WhiteElo "2306"]
[BlackElo "2005"]
[WhiteFideId "13301276"]
[BlackFideId "448001"]
[EventDate "2020.05.09"]
[EventType "blitz"]

1. e4 c6 2. d4 d5 3. e5 Bf5 4. h4 h5 5. c4 e6 6. Nc3 Ne7 7. Bg5 Nd7 8. Bd3 Bxd3
9. Qxd3 dxc4 10. Qxc4 Nb6 11. Qd3 Qd7 12. Nge2 Nf5 13. Rd1 Be7 14. Ne4 O-O-O 15.
Rh3 Kb8 16. Kf1 Qc7 17. b4 Nd5 18. b5 cxb5 19. Qxb5 Qb6 20. Qa4 Rc8 21. Rb3 Qc6
22. Qxc6 Rxc6 23. Bxe7 Nfxe7 24. Nd6 Rb6 25. Nxf7 Rf8 26. Ng5 Rxb3 27. axb3 Nf5
28. Kg1 Nxh4 29. Nxe6 Rf7 30. Ng5 Rf5 31. Ne4 Nf4 32. Nxf4 Rxf4 33. Nd6 Rf8 34.
e6 Nf5 35. Nxf5 Rxf5 36. e7 1-0

[Event "English Online Blitz Gp1"]
[Site "chess.com INT"]
[Date "2020.05.09"]
[Round "2"]
[White "Zabrocki, Philip"]
[Black "Chow, Samuel"]
[Result "0-1"]
[BlackTitle "FM"]
[WhiteElo "1948"]
[BlackElo "2345"]
[WhiteFideId "426873"]
[BlackFideId "3202992"]
[EventDate "2020.05.09"]
[EventType "blitz"]

1. e4 e6 2. d4 d5 3. Nc3 Nf6 4. Bg5 Be7 5. e5 Nfd7 6. h4 h6 7. Be3 c5 8. Qg4 Kf8
9. Nf3 cxd4 10. Bxd4 Nc6 11. O-O-O a6 12. Rh3 Qc7 13. Rg3 g6 14. Bd3 Nxd4 15.
Qxd4 Nc5 16. Bxg6 fxg6 17. Qf4+ Ke8 18. Rxg6 Bd7 19. Rxh6 Rf8 20. Qg4 Qa5 21.
Kb1 Kd8 22. Qg7 Re8 23. Ng5 Kc7 24. a3 Kb8 25. f4 Ka7 26. Qg6 Rac8 27. Rh7 Na4
28. Nxa4 Qxa4 29. Rc1 Qxf4 30. Qd3 Bb5 31. Qf3 Bxg5 32. hxg5 Qxg5 33. Rh5 Qd2
34. Qb3 Rc7 35. Rch1 Rec8 36. c3 Qxg2 37. R5h2 Qe4+ 38. Ka1 Qxe5 39. Qb4 Qe3 40.
Qd4+ Qxd4 41. cxd4 Rc1+ 42. Rxc1 Rxc1+ 43. Ka2 Re1 44. Rh7 0-1

[Event "English Online Blitz Gp1"]
[Site "chess.com INT"]
[Date "2020.05.09"]
[Round "2"]
[White "Arkell, Keith C"]
[Black "Starley, Robert"]
[Result "0-1"]
[WhiteTitle "GM"]
[WhiteElo "2429"]
[BlackElo "2084"]
[WhiteFideId "400270"]
[BlackFideId "421006"]
[EventDate "2020.05.09"]
[EventType "blitz"]

1. d4 Nf6 2. Nf3 d5 3. c4 e6 4. cxd5 exd5 5. Nc3 Be7 6. Bg5 O-O 7. e3 c6 8. Bd3
h6 9. Bxf6 Bxf6 10. b4 Bg4 11. O-O a6 12. a4 Nd7 13. h3 Bh5 14. Be2 Qe7 15. b5
axb5 16. axb5 Qb4 17. bxc6 bxc6 18. Qc2 Qd6 19. Rfc1 Nb6 20. Nd2 Bg6 21. Bd3
Bxd3 22. Qxd3 Rxa1 23. Rxa1 Ra8 24. Rxa8+ Nxa8 25. Qa6 Nc7 26. Qc8+ Kh7 27. Na4
Ne6 28. Qb7 Kg8 29. Nb3 Be7 30. Nac5 Nxc5 31. Nxc5 Qf6 32. Nd7 Qe6 33. Ne5 c5
34. Qb8+ Kh7 35. dxc5 Bxc5 36. Nd3 Bd6 37. Qb3 Qe4 38. Qc3 Qc4 39. Qd2 Qb3 40.
Qe2 Qb1+ 41. Qf1 Bh2+ 42. Kxh2 Qxf1 43. Nf4 Qxf2 44. Nxd5 Qf5 45. Nf4 g5 46. Ne2
Qe5+ 0-1

[Event "English Online Blitz Gp1"]
[Site "chess.com INT"]
[Date "2020.05.09"]
[Round "2"]
[White "Pert, Richard G"]
[Black "Burrows, Martin P"]
[Result "1-0"]
[WhiteTitle "IM"]
[WhiteElo "2416"]
[BlackElo "2125"]
[WhiteFideId "404748"]
[BlackFideId "409057"]
[EventDate "2020.05.09"]
[EventType "blitz"]

1. d4 Nf6 2. Bg5 e6 3. e4 h6 4. Bxf6 Qxf6 5. c3 d5 6. Nd2 c5 7. Ngf3 cxd4 8.
Nxd4 Nc6 9. Bb5 Bd7 10. O-O Bc5 11. exd5 exd5 12. Re1+ Kf8 13. N2b3 Bd6 14. Nf3
Be6 15. c4 Rd8 16. c5 Bc7 17. Bxc6 bxc6 18. Nbd4 Bg4 19. h3 Bxf3 20. Nxf3 g6 21.
Qd4 Kg7 22. Re7 Bb8 23. Rae1 Rhf8 24. b4 Rc8 25. a4 a6 26. Qxf6+ Kxf6 27. Nd4
Bf4 28. Rb7 Rfe8 29. Rxe8 Rxe8 30. g3 Re4 31. Nxc6 Bd2 32. Rd7 Re1+ 33. Kg2 Rb1
34. Rd6+ Kg7 35. Rxd5 Bxb4 36. Ne5 Rc1 37. c6 Ba5 38. Rd7 Kf6 39. f4 Kf5 40.
Nxf7 Ke4 41. Re7+ Kd3 42. Ne5+ Ke2 43. Nc4+ 1-0